[Event "SVK-ch U14 Girls"]
[White "Strakova, Kristina"]
[Black "Stolarova, Ivana"]
[Site "Liptovsky Mikulas"]
[Round "4"]
[Result "0-1"]
[Date "2017.04.24"]
[WhiteElo "1000"]
[BlackElo "1236"]
[PlyCount "78"]
[EventDate "2017.04.22"]
[EventType "swiss"]
[EventRounds "9"]
[EventCountry "SVK"]
[SourceTitle "CBM 178 Extra"]
[Source "ChessBase"]
[SourceDate "2017.06.22"]
[SourceVersion "1"]
[SourceVersionDate "2017.06.22"]
[SourceQuality "1"]

1. e4 e5 2. Nf3 Nc6 3. Nc3 Bc5 4. Na4 Be7 5. c3 Nf6 6. d4 exd4 7. cxd4 Bb4+ 8. Nc3 0-0 9. e5 Ne4 10. Bd2 Nxd2 11. Qxd2 Re8 12. Qg5 Qxg5 13. Nxg5 Nxd4 14. Bd3 Rxe5+ 15. Nge4 d5 16. 0-0 dxe4 17. Nxe4 Bf5 18. f3 Bc5 19. Rac1 Ne2+ 20. Kh1 Nxc1 21. Rxc1 Bxe4 22. fxe4 Rd8 23. Bc2 g6 24. Rd1 Rxd1+ 25. Bxd1 Rxe4 26. g4 Re1+ 27. Kg2 Rxd1 28. h3 Rd2+ 29. Kf3 Rxb2 30. h4 Rxa2 31. h5 gxh5 32. gxh5 Ra4 33. Ke2 Ra3 34. Kd2 Kg7 35. Kc2 Kf6 36. Kb2 Ke5 37. h6 Kd4 38. Kc2 Rh3 39. Kb2 Kc4 0-1

[Event "SVK-ch U14 Girls"]
[White "Stolarova, Ivana"]
[Black "Taragelova, Martina"]
[Site "Liptovsky Mikulas"]
[Round "8"]
[Result "0-1"]
[Date "2016.04.22"]
[WhiteElo "1082"]
[BlackElo "1658"]
[PlyCount "150"]
[EventDate "2016.04.16"]
[EventType "swiss"]
[EventRounds "9"]
[EventCountry "SVK"]
[SourceTitle "CBM 172 Extra"]
[Source "ChessBase"]
[SourceDate "2016.06.21"]
[SourceVersion "1"]
[SourceVersionDate "2016.06.21"]
[SourceQuality "1"]

1. e4 e5 2. Nf3 Nc6 3. Bc4 Nf6 4. Nc3 Nxe4 5. Nxe4 d5 6. Bxd5 Qxd5 7. Nc3 Qd8 8. d3 Bg4 9. h3 Bh5 10. g4 Bg6 11. a3 Bc5 12. Qe2 f6 13. Be3 Be7 14. 0-0-0 0-0 15. d4 exd4 16. Bxd4 Qe8 17. h4 Bd6 18. Qxe8 Rfxe8 19. Rhe1 a6 20. Kb1 Rad8 21. h5 Bf7 22. Be3 Be6 23. Rg1 h6 24. Nd4 Nxd4 25. Bxd4 Bf4 26. Be3 Bxe3 27. fxe3 Rxd1+ 28. Nxd1 Bd7 29. Rg3 Kf7 30. Kc1 Rd8 31. Nf2 Bb5 32. b3 Ke6 33. Kb2 Ke5 34. Kc3 Rd6 35. Nd3+ Bxd3 36. cxd3 Rc6+ 37. Kd2 Ke6 38. e4 Ke5 39. Rf3 Kd4 40. Rf5 Rd6 41. b4 b6 42. a4 Rd7 43. a5 Rd6 44. b5 axb5 45. a6 c6 46. a7 Rd8 47. Rf1 Ra8 48. Ra1 Kc5 49. Ke3 Kd6 50. Kf4 Ke6 51. d4 b4 52. d5+ cxd5 53. exd5+ Kxd5 54. Kf5 b3 55. Rb1 Rxa7 56. Rxb3 Rb7 57. Rc3 b5 58. Kf4 b4 59. Rc1 Kd4 60. Kf5 b3 61. Kf4 b2 62. Rb1 Kd3 63. Rxb2 Rxb2 64. Kf5 Rb4 65. Ke6 Rxg4 66. Kf7 Kd4 67. Ke6 Rg5 68. Kf7 f5 69. Ke6 f4 70. Kf7 f3 71. Ke6 f2 72. Kd7 f1Q 73. Kc7 Qf7+ 74. Kc8 Rd5 75. Kb8 Rd8# 0-1

[Event "SVK-ch U12 Girls"]
[White "Tomcikova, Dominika"]
[Black "Stolarova, Ivana"]
[Site "Tatralandia"]
[Round "5"]
[Result "1-0"]
[Date "2015.04.21"]
[WhiteElo "1698"]
[BlackElo "1031"]
[PlyCount "65"]
[EventDate "2015.04.18"]
[EventType "swiss"]
[EventRounds "9"]
[EventCountry "SVK"]
[SourceTitle "CBM 166 Extra"]
[Source "ChessBase"]
[SourceDate "2015.06.18"]
[SourceVersion "1"]
[SourceVersionDate "2015.06.18"]
[SourceQuality "1"]

1. e4 e5 2. Nf3 Nc6 3. Bc4 Bc5 4. c3 d6 5. d4 Bb6 6. dxe5 dxe5 7. Qxd8+ Kxd8 8. Bxf7 Nf6 9. Bd5 Nxd5 10. exd5 Bg4 11. dxc6 Bxf3 12. gxf3 bxc6 13. Be3 c5 14. Nd2 a6 15. Nc4 Ba7 16. Nxe5 Ke8 17. 0-0-0 Rf8 18. Rd7 Rf5 19. Rxg7 Rxe5 20. Rg8+ Ke7 21. Rxa8 Bb6 22. Re1 Kd6 23. Bf4 Kc6 24. Rxe5 Kb7 25. Rh8 a5 26. Rxh7 Ka6 27. Re6 Kb5 28. Bxc7 Bxc7 29. Rxc7 Kc4 30. Re4+ Kb5 31. Rh7 Kb6 32. Rh6+ Kb5 33. a4# 1-0

[Event "SVK-ch U12 Girls"]
[White "Stolarova, Ivana"]
[Black "Vozarova, Adriana"]
[Site "Tatralandia"]
[Round "1"]
[Result "0-1"]
[Date "2015.04.18"]
[WhiteElo "1031"]
[BlackElo "1490"]
[PlyCount "126"]
[EventDate "2015.04.18"]
[EventType "swiss"]
[EventRounds "9"]
[EventCountry "SVK"]
[SourceTitle "CBM 166 Extra"]
[Source "ChessBase"]
[SourceDate "2015.06.18"]
[SourceVersion "1"]
[SourceVersionDate "2015.06.18"]
[SourceQuality "1"]

1. e4 e5 2. Nf3 Nc6 3. Bc4 Nf6 4. Nc3 Nxe4 5. Nxe4 d5 6. Bxd5 Qxd5 7. Nc3 Qd8 8. d3 Bg4 9. h3 Bh5 10. a3 Bd6 11. Be3 0-0 12. 0-0 f5 13. Bg5 Bxf3 14. Bxd8 Bxd1 15. Raxd1 Raxd8 16. Rfe1 Rde8 17. Re2 Nd4 18. Red2 Rf6 19. Nd5 Rg6 20. Kh1 c6 21. Ne3 Rf8 22. c3 Ne6 23. b4 Rff6 24. Nc4 Nf4 25. g3 Nxh3 26. Nxd6 Rxd6 27. Kg2 Nf4+ 28. Kf3 Nd5 29. c4 Nf6 30. c5 Rd7 31. d4 exd4 32. Rxd4 Rxd4 33. Rxd4 Nd5 34. Rd2 Re6 35. Re2 Rxe2 36. Kxe2 Kf7 37. Kf3 Kf6 38. g4 fxg4+ 39. Kxg4 h6 40. f4 g5 41. fxg5+ hxg5 42. Kg3 Kf5 43. Kf3 g4+ 44. Kg3 Kg5 45. Kg2 Kf4 46. Kf2 g3+ 47. Kg2 Kg4 48. Kg1 Kf3 49. Kf1 Ne3+ 50. Kg1 g2 51. a4 Nd5 52. b5 cxb5 53. axb5 a6 54. c6 bxc6 55. bxa6 Nb6 56. a7 c5 57. Kh2 Kf2 58. Kh3 g1Q 59. Kh4 Kf3 60. Kh5 Kf4 61. Kh6 Kf5 62. Kh7 Kf6 63. a8Q Qg7# 0-1

[Event "SVK-ch U12 Girls"]
[White "Rudinska, Veronika"]
[Black "Stolarova, Ivana"]
[Site "Stara Lubovna"]
[Round "4"]
[Result "1-0"]
[Date "2014.04.08"]
[WhiteElo "1338"]
[BlackElo "1015"]
[PlyCount "69"]
[EventDate "2014.04.05"]
[EventType "swiss"]
[EventRounds "7"]
[EventCountry "SVK"]
[SourceTitle "EXT 2016"]
[Source "ChessBase"]
[SourceDate "2015.10.08"]
[SourceVersion "1"]
[SourceVersionDate "2015.10.08"]
[SourceQuality "1"]

1. e4 e5 2. Nf3 Nc6 3. Bc4 Nf6 4. Ng5 d5 5. exd5 Nxd5 6. Qf3 f6 7. Bxd5 Qe7 8. Bxc6+ bxc6 9. Qxc6+ Bd7 10. Qxa8+ Qd8 11. Qxd8+ Kxd8 12. Nf7+ Ke8 13. Nxh8 Be7 14. 0-0 Kf8 15. Re1 Kg8 16. Re3 Kxh8 17. Rb3 h6 18. Rb7 Bd6 19. Rxa7 Kh7 20. a4 Bc6 21. Nc3 e4 22. Nb5 Bxb5 23. axb5 c5 24. b6 f5 25. b7 h5 26. R7a6 Be5 27. Re6 Bc7 28. Raa6 c4 29. Rac6 Bf4 30. g3 Bb8 31. Re8 Ba7 32. Ra6 Bc5 33. b8Q g6 34. Rh8+ Kg7 35. Qg8# 1-0

[Event "SVK-ch U10 Girls"]
[White "Stolarova, Ivana"]
[Black "Slaba, Andrea"]
[Site "Lubovna"]
[Round "5"]
[Result "1-0"]
[Date "2013.04.09"]
[WhiteElo "1000"]
[BlackElo "1237"]
[PlyCount "81"]
[EventDate "2013.04.06"]
[EventType "tourn"]
[EventRounds "9"]
[EventCountry "SVK"]
[SourceTitle "CBM 153 Extra"]
[Source "ChessBase"]
[SourceDate "2013.04.22"]
[SourceVersion "1"]
[SourceVersionDate "2013.04.22"]
[SourceQuality "1"]

1. e4 e6 2. Nf3 d5 3. exd5 exd5 4. Nc3 Nf6 5. d4 Bb4 6. Bd2 0-0 7. Be2 Bg4 8. 0-0 Nbd7 9. h3 Be6 10. a3 Be7 11. Bb5 c6 12. Ba4 Qc7 13. Qc1 Nb6 14. Bf4 Bd6 15. Bg5 Nbd7 16. Bxf6 Nxf6 17. Rd1 Rfe8 18. Ng5 Bd7 19. Re1 h6 20. Rxe8+ Rxe8 21. Nf3 a6 22. Bb3 Bf4 23. Qd1 Bd6 24. Ba2 Ne4 25. Nxe4 Rxe4 26. c3 Re8 27. b4 Bf5 28. c4 dxc4 29. Bxc4 Be6 30. Bxe6 Rxe6 31. Rc1 Qe7 32. d5 cxd5 33. Rc8+ Kh7 34. Qc2+ g6 35. Qd1 Re2 36. Rc2 Re6 37. g3 Qe8 38. Qxd5 Qe7 39. Rc8 Re2 40. Qd4 Re6 41. Qh8# 1-0

[Event "SVK-ch U10 Girls"]
[White "Stolarova, Ivana"]
[Black "Tomcikova, Dominika"]
[Site "Lubovna"]
[Round "3"]
[Result "0-1"]
[Date "2013.04.08"]
[WhiteElo "1000"]
[BlackElo "1317"]
[PlyCount "96"]
[EventDate "2013.04.06"]
[EventType "tourn"]
[EventRounds "9"]
[EventCountry "SVK"]
[SourceTitle "CBM 153 Extra"]
[Source "ChessBase"]
[SourceDate "2013.04.22"]
[SourceVersion "1"]
[SourceVersionDate "2013.04.22"]
[SourceQuality "1"]

1. e4 e5 2. Nf3 d6 3. Bc4 Be7 4. h3 Nf6 5. Nc3 0-0 6. 0-0 Nc6 7. d3 Na5 8. b3 Nxc4 9. bxc4 Bd7 10. Ba3 c5 11. Rb1 b6 12. Re1 g6 13. Nd5 Nxd5 14. cxd5 f5 15. Bb2 fxe4 16. dxe4 Qc8 17. c4 Qa6 18. Qb3 Rab8 19. Ra1 b5 20. cxb5 Qxb5 21. Nd2 Bh4 22. g3 Bg5 23. Qc3 Bxd2 24. Qxd2 Qxb2 25. Qxb2 Rxb2 26. Rf1 Bxh3 27. a4 Bxf1 28. Rxf1 Rb4 29. a5 Rxe4 30. a6 Ra4 31. Kg2 Rxa6 32. f4 exf4 33. gxf4 Ra2+ 34. Kh3 Rc8 35. Kg4 c4 36. f5 gxf5+ 37. Kxf5 c3 38. Rg1+ Kf7 39. Rf1 c2 40. Ke4+ Ke7 41. Kd3 c1Q 42. Rxc1 Rxc1 43. Ke4 Ra4+ 44. Kd3 Rh1 45. Kc3 Rh3+ 46. Kb2 Rg4 47. Ka2 Rg2+ 48. Ka1 Rh1# 0-1

[Event "SVK-ch U10 Girls"]
[White "Taragelova, Martina"]
[Black "Stolarova, Ivana"]
[Site "Lubovnianske Kupele"]
[Round "5"]
[Result "1-0"]
[Date "2012.03.20"]
[WhiteElo "1070"]
[BlackElo "1000"]
[PlyCount "53"]
[EventDate "2012.03.17"]
[EventType "tourn"]
[EventRounds "9"]
[EventCountry "SVK"]
[SourceTitle "CBM 147 Extra"]
[Source "ChessBase"]
[SourceDate "2012.04.24"]
[SourceVersion "1"]
[SourceVersionDate "2012.04.24"]
[SourceQuality "1"]

1. e4 e5 2. Nf3 Nc6 3. d4 d6 4. Bb5 Bd7 5. Bxc6 Bxc6 6. dxe5 f6 7. exd6 cxd6 8. Nc3 Ne7 9. 0-0 Ng6 10. Nd4 Qd7 11. Nxc6 Qxc6 12. Qd5 Qc7 13. Qb5+ Kd8 14. Qd5 Ne7 15. Qd3 Ng6 16. Rd1 Ne5 17. Qd5 Ng4 18. Qd2 Kc8 19. Nb5 Qd7 20. Nxd6+ Bxd6 21. Qxd6 Qc7 22. Qe6+ Kb8 23. Qxg4 Rg8 24. Bf4 Rc8 25. Bxc7+ Rxc7 26. Rd8+ Rc8 27. Rxc8# 1-0

[Event "SVK-ch U10 Girls"]
[White "Ferkova, Dominika"]
[Black "Stolarova, Ivana"]
[Site "Lubovnianske Kupele"]
[Round "3"]
[Result "1-0"]
[Date "2012.03.19"]
[WhiteElo "1519"]
[BlackElo "1000"]
[PlyCount "75"]
[EventDate "2012.03.17"]
[EventType "tourn"]
[EventRounds "9"]
[EventCountry "SVK"]
[SourceTitle "CBM 147 Extra"]
[Source "ChessBase"]
[SourceDate "2012.04.24"]
[SourceVersion "1"]
[SourceVersionDate "2012.04.24"]
[SourceQuality "1"]

1. Nf3 Nc6 2. d4 d5 3. c4 e6 4. Nc3 dxc4 5. e4 Nf6 6. Bg5 Bb4 7. e5 Be7 8. exf6 Bxf6 9. Bxf6 Qxf6 10. Bxc4 0-0 11. 0-0 Na5 12. Bd3 Bd7 13. d5 c6 14. dxe6 Bxe6 15. Qc2 Bg4 16. Ne4 Qh6 17. Be2 Qf4 18. Ng3 Rae8 19. h3 Be6 20. Qc3 b6 21. Nh5 Qh6 22. Ng3 Rd8 23. b4 Nb7 24. Qxc6 Rb8 25. Qe4 Nd6 26. Qc2 Rbc8 27. Qb2 a5 28. a3 Ra8 29. Rfd1 Rfd8 30. bxa5 Rxa5 31. Qxb6 Raa8 32. Rxd6 Rxd6 33. Qxd6 Qf6 34. Qd4 Qe7 35. Qh4 Qf8 36. Ng5 Qe7 37. Qxh7+ Kf8 38. Qh8# 1-0